Chicago Fire - Statistics

General Stats
  • This quiz has been taken 346 times
  • The average score is 10 of 13
Answer Stats
Hint Answer % Correct
half man have couch Mouch
93%
the cheif Wallace Boden
93%
who runs squad 3 Kelly Severide
91%
who dated a lieutenant Gabriela Dawson
90%
Russian Otis
89%
who runs truck 81 Matt Casey
87%
the only gay one Leslie Shay
81%
who drives truck 81 Joe Cruz
80%
who runs mollys Christopher Hermann
78%
who also dated a lieutenant Stella Kidd
78%
one of the paramedics Sylvie Brett
78%
who is the crazy one Capp
41%
who has the weirdest name Jessica Chilton
13%
No matching quizzes found
Score Distribution
Percent of People with Each Score
Percentile by Number Answered
Your Score History
You have not taken this quiz